Angry Birds Star Wars II - Episodes - Statistics

General Stats
  • This quiz has been taken 9 times
  • The average score is 3 of 7
Answer Stats
Number Release Episode % Correct
5th 2014 Revenge of the Pork
88%
1st 2013 Naboo Invasion
63%
Extra 2014 Rebels
63%
3rd 2013 Battle of Naboo
38%
4th 2014 Rise of the Clones
38%
2nd 2013 Escape to Tatooine
25%
Extra 2013 Reward Chapter
25%
No matching quizzes found
Score Distribution
Percent of People with Each Score
Percentile by Number Answered
Your Score History
You have not taken this quiz